| 000 | 00448cam a22001217a 4500 | ||
|---|---|---|---|
| 008 | 180718b xxu||||| |||| 00| 0 eng d | ||
| 082 | _aT19065x54332 E | ||
| 245 |
_aReport on economic census, Chandigarh _cby Directorate of Economics and Statistics, Chandigarh |
||
| 260 |
_aChandigarh _bThe author _c |
||
| 500 | _aLibrary has 1998, 2005 | ||
| 650 | _aEconomic surveys - India - Chandigarh | ||
| 700 | _aChandigarh. Directorate of Economics and Statistics | ||
| 999 |
_c490281 _d490281 |
||